Asociacionismo emergente en Chile, Estudios y reflexiones
Na minha lista:
| Autor Corporativo: | |
|---|---|
| Formato: | Livro |
| Idioma: | espanhol |
| Publicado em: |
Santiago
Unidad de Investigación y desarrollo del Gobierno de Chile
2001
|
| Edição: | 1a. ed |
| Assuntos: | |
| Tags: |
Adicionar Tag
Sem tags, seja o primeiro a adicionar uma tag!
|
MARC
| LEADER | 00000nam a2200000 a 4500 | ||
|---|---|---|---|
| 001 | UCK9493 | ||
| 003 | CL-VaPUC | ||
| 008 | 060512e20010309CL |||||||||||||||||spa|d | ||
| 082 | 0 | 4 | |a 300 |b UNI |2 21 |
| 110 | 2 | |a Unidad de Investigación y desarrollo del Gobierno de Chile |e author |9 499342 | |
| 245 | 1 | 0 | |a Asociacionismo emergente en Chile, Estudios y reflexiones |
| 250 | |a 1a. ed | ||
| 300 | |a 110 | ||
| 942 | |c BK | ||
| 945 | |d 20060512 00:00:00 |a castudil | ||
| 260 | |a Santiago |b Unidad de Investigación y desarrollo del Gobierno de Chile |c 2001 | ||
| 650 | 0 | |a Asociaciones ciudadanas |9 499343 | |
| 650 | 0 | |a Asociacionismo |9 499344 | |
| 650 | 0 | |a Sociedad civil |9 259053 | |
| 650 | 7 | |a CAPITAL SOCIAL |2 CL-VaPUC |9 430818 | |
| 583 | |a last modification |c 20060512 00:00:00 |k Rodrigo Vera | ||
| 999 | |c 316685 |d 316683 | ||
| 952 | |0 0 |1 0 |4 0 |6 300_000000000000000_UNI_2001 |7 0 |8 X |9 391345 |a FDOMLP |b FDOMLP |d 2019-11-22 |i 4149742 |o 300 UNI 2001 |p 4149742 |r 2019-11-22 |w 2019-11-22 |y BK_X |k BU2 | ||